000
00298nam a2200121Ia 4500
005
20250409180920.0
008
250409s9999||||xx |||||||||||||| ||und||
100
_a
BOYD, HARPER W
245
0
_a
ADVERTISING MANAGEMENT
260
_b
RICHARD D IRWIN INC,
_a
DELHI:
650
_v
Management
942
_c
BOOK
999
_c
2890
_d
2890